000 01291nam0a2200373 4500
001 RU\NLR\bibl\83134
005 20260406030853.0
010 _a5-15-000110-4
_955000
020 _aRU
_b98-28290
_9Книжная летопись
021 _aRU
_b98-17935
_9850
035 _a(NLR Aleph) 000081190
090 _a452102
_c452102
100 _a20000410d1997 |||y0rusy50 ca
101 1 _arus
102 _aRU
105 _ay |||||||||
200 1 _aПорабощенная
_eРоман
_fВирджиния Хенли
_g[Перевод с англ. Т. П. Матц]
210 _aМ.
_aНазрань
_cАСТ : Новости
_d1997
215 _a493,[1] с.
_d22
225 1 _aСерия "Шарм"
461 0 _12001#$aСерия "Шарм"
_tСерия "Шарм"
610 0 _aПриключенческие романы и рассказы (х. л.)
675 _a820(73)-31Хенли
_v3
_zrus
686 _a17
_2rugasnti
686 _a84(7Сое)
_2rubbk
686 _aШ6(7США)67-440.4
700 1 _4070
_8rus
_7ca
_aХенли
_bВ.
_gВирджиния
_3RU\NLR\auth\771072
_9111106
801 0 _aRU
_bRKP
_c20000410
_gPSBO
801 1 _aRU
_bRKP
_c20000410
801 2 _aRU
_bNLR
_c20000515
_grcr
852 _aNLR
_j98-3/5445
942 _cBOOK
980 _aNB